Mastering operational risk / (Record no. 137267)

MARC details
000 -LEADER
fixed length control field 00932cam a2200241 a 4500
001 - CONTROL NUMBER
control field vtls003218034
003 - CONTROL NUMBER IDENTIFIER
control field MY-SjTCS
005 - DATE AND TIME OF LATEST TRANSACTION
control field 20200226114733.0
008 - FIXED-LENGTH DATA ELEMENTS--GENERAL INFORMATION
fixed length control field 110813s2010 enka b 001 0 eng
020 ## - INTERNATIONAL STANDARD BOOK NUMBER
International Standard Book Number 9780273727323 (pbk.)
039 #9 - LEVEL OF BIBLIOGRAPHIC CONTROL AND CODING DETAIL [OBSOLETE]
Level of rules in bibliographic description 201603100917
Level of effort used to assign nonsubject heading access points malathy
Level of effort used to assign subject headings 201108291103
Level of effort used to assign classification pushpa
Level of effort used to assign subject headings 201108131138
Level of effort used to assign classification azizee
Level of effort used to assign subject headings 201106081735
Level of effort used to assign classification malathy
-- 201106081730
-- malathy
082 04 - DEWEY DECIMAL CLASSIFICATION NUMBER
Classification number 658.155
Item number BLU 2010
100 1# - MAIN ENTRY--PERSONAL NAME
Personal name Blunden, Tony.
9 (RLIN) 52538
245 10 - TITLE STATEMENT
Title Mastering operational risk /
Statement of responsibility, etc. Tony Blunden, John Thirlwell.
246 1# - VARYING FORM OF TITLE
Display text Subtitle on cover:
Title proper/short title Practical guide to understanding operational risk and how to manage it
260 ## - PUBLICATION, DISTRIBUTION, ETC.
Place of publication, distribution, etc. Harlow :
Name of publisher, distributor, etc. Financial Times/Prentice Hall,
Date of publication, distribution, etc. 2010.
300 ## - PHYSICAL DESCRIPTION
Extent xvii, 321 p. :
Other physical details ill. ;
Dimensions 24 cm.
504 ## - BIBLIOGRAPHY, ETC. NOTE
Bibliography, etc. note Includes bibliographical references (p. 313) and index.
650 #0 - SUBJECT ADDED ENTRY--TOPICAL TERM
Topical term or geographic name entry element Risk management.
650 #0 - SUBJECT ADDED ENTRY--TOPICAL TERM
Topical term or geographic name entry element Operational risk.
9 (RLIN) 50805
700 1# - ADDED ENTRY--PERSONAL NAME
Personal name Thirlwell, John.
9 (RLIN) 52539
920 ## - Programme
Programme TBS : 164215
Holdings
Withdrawn status Lost status Source of classification or shelving scheme Damaged status Not for loan Home library Current library Date acquired Total Checkouts Barcode Date last seen Date last checked out Copy number Uniform Resource Identifier Koha item type Public note
    Dewey Decimal Classification     Taylor's Library-TU Taylor's Library-TU 28/07/2011 4 5000118960 05/12/2019 06/09/2016 1 Floor 4, Shelf 24 , Side 2, TierNo 1, BayNo 3 Main Collection TBSxx,34001,03,CL